Obce okresu Třebíč - Statistics

General Stats
  • This quiz has been taken 110 times
  • The average score is 78 of 167
Answer Stats
Počet obyvatel Odpověď % Correct
34 797 Třebíč
95%
4 085 Jaroměřice nad Rokytnou
91%
7 135 Moravské Budějovice
91%
4 825 Náměšť nad Oslavou
91%
873 Dukovany
86%
3 975 Jemnice
86%
1 996 Okříšky
86%
1 760 Hrotovice
77%
1 002 Kralice nad Oslavou
77%
1 394 Mohelno
77%
291 Krahulov
73%
1 206 Vladislav
73%
214 Bransouze
68%
1 208 Budišov
68%
561 Dalešice
68%
108 Hvězdoňovice
68%
93 Kojatín
68%
165 Lhánice
68%
260 Nová Ves
68%
158 Pozďatín
68%
1 689 Stařeč
68%
625 Studenec
68%
231 Číchov
64%
54 Horní Smrčné
64%
501 Koněšín
64%
132 Kramolín
64%
323 Ocmanice
64%
415 Petrovice
64%
323 Police
64%
248 Příštpo
64%
540 Rapotice
64%
1 185 Rouchovany
64%
224 Slavětice
64%
559 Střítež
64%
199 Vícenice
64%
437 Vícenice u Náměště nad Oslavou
64%
128 Bohušice
59%
199 Čikov
59%
227 Číměř
59%
213 Hluboké
59%
677 Jakubov u Moravských Budějovic
59%
210 Krokočín
59%
295 Láz
59%
110 Lesní Jakubov
59%
494 Lesonice
59%
154 Lhotice
59%
557 Litohoř
59%
394 Mladoňovice
59%
56 Nimpšov
59%
925 Nové Syrovice
59%
96 Odunec
59%
163 Pálovice
59%
346 Radkovice u Hrotovic
59%
793 Rokytnice nad Rokytnou
59%
764 Rudíkov
59%
222 Zvěrkovice
59%
254 Biskupice-Pulkov
55%
339 Čechočovice
55%
471 Dešov
55%
79 Jiratice
55%
230 Kamenná
55%
192 Kladeruby nad Oslavou
55%
460 Kojetice
55%
91 Lesná
55%
83 Lesůňky
55%
136 Menhartice
55%
84 Meziříčko
55%
106 Okarec
55%
177 Oponešice
55%
187 Ostašov
55%
126 Petrůvky
55%
114 Pokojovice
55%
68 Popůvky
55%
117 Rácovice
55%
156 Radkovice u Budče
55%
426 Třebelovice
55%
1 487 Želetava
55%
195 Benetice
50%
189 Častohostice
50%
150 Chlum
50%
185 Jasenice
50%
261 Kojatice
50%
194 Kostníky
50%
60 Lovčovice
50%
291 Markvartice
50%
212 Mastník
50%
348 Nárameč
50%
194 Okřešice
50%
91 Račice
50%
425 Římov
50%
249 Sedlec
50%
296 Slavičky
50%
451 Třebenice
50%
209 Babice
45%
199 Bačice
45%
98 Cidlina
45%
575 Hartvíkovice
45%
472 Kožichovice
45%
161 Kuroslepy
45%
396 Lukov
45%
211 Mikulovice
45%
163 Naloučany
45%
768 Přibyslavice
45%
304 Štěměchy
45%
262 Svatoslav
45%
845 Valeč
45%
869 Výčapy
45%
698 Březník
41%
311 Čechtín
41%
302 Chlístov
41%
106 Chotěbudice
41%
236 Číhalín
41%
424 Dolní Vilémovice
41%
381 Heraltice
41%
78 Horní Vilémovice
41%
122 Komárovice
41%
428 Lipník
41%
687 Myslibořice
41%
475 Pyšel
41%
108 Radotice
41%
288 Smrk
41%
124 Stropešín
41%
144 Vlčatín
41%
181 Červená Lhota
36%
317 Domamil
36%
404 Kouty
36%
177 Krhov
36%
766 Opatov
36%
682 Předín
36%
160 Pucov
36%
114 Rohy
36%
346 Sudice
36%
768 Trnava
36%
140 Horní Heřmanice
32%
111 Hroznatín
32%
173 Klučov
32%
134 Lomy
32%
245 Martínkov
32%
75 Přeckov
32%
125 Studnice
32%
118 Kdousov
27%
96 Nový Telečkov
27%
559 Čáslavice
18%
100 Třesov
18%
258 Horní Újezd
14%
181 Slavíkovice
14%
85 Bačkovice
9%
65 Hornice
9%
160 Radošov
9%
488 Šebkovice
9%
148 Bochovice
5%
310 Hodov
5%
88 Radonín
5%
141 Zahrádka
5%
138 Zašovice
5%
362 Blatnice
0%
341 Budkov
0%
135 Dědice
0%
155 Dolní Lažany
0%
280 Jinošov
0%
138 Kozlany
0%
127 Litovany
0%
131 Loukovice
0%
131 Přešovice
0%
114 Štěpkov
0%
118 Valdíkov
0%
120 Zárubice
0%
No matching quizzes found
Score Distribution
Percent of People with Each Score
Percentile by Number Answered
Your Score History
You have not taken this quiz